Air and water pollution control engineering / (Record no. 83670)

MARC details
000 -LEADER
fixed length control field 00615nam a22002057a 4500
005 - DATE AND TIME OF LATEST TRANSACTION
control field 20140701162425.0
010 ## - LCCN (DPL NO)
LC control number ENG-109756
020 ## - INTERNATIONAL STANDARD BOOK NUMBER
International Standard Book Number 9788173817540
Terms of availability 750.00
035 ## - SYSTEM CONTROL NUMBER
System control number EN-93289
037 ## - SOURCE OF ACQUISITION
Source of stock number/acquisition DBAD/PUB
082 ## - DEWEY DECIMAL CLASSIFICATION NUMBER
Classification number 363.73926
100 ## - MAIN ENTRY--PERSONAL NAME
Personal name Ghosh, D.N.
245 00 - TITLE STATEMENT
Title Air and water pollution control engineering /
Statement of responsibility, etc by D. N Ghosh [and] S. K Ghosh
260 ## - PUBLICATION, DISTRIBUTION, ETC. (IMPRINT)
Place of publication, distribution, etc Kolkata
Name of publisher, distributor, etc New Central Book Agency
Date of publication, distribution, etc 2012
270 ## - ADDRESS
Address 8/1 Chintamoni Das Lane
City Kolkata
Postal code 700009
300 ## - PHYSICAL DESCRIPTION
Extent xxi,366p.
Dimensions 24cm(Hb)
500 ## - GENERAL NOTE
General note Includes index
700 ## - ADDED ENTRY--PERSONAL NAME
Personal name Ghosh, S.K.
942 ## - ADDED ENTRY ELEMENTS (KOHA)
Source of classification or shelving scheme Dewey Decimal Classification
Item type English Books
Call number suffix GHO
Classification part 363.73926
Holdings
Withdrawn status Lost status Not for loan Collection code Home library Current library Date acquired Source of acquisition Cost, normal purchase price Full call number Barcode Copy number Cost, replacement price Koha item type
    Not For Loan Non-fiction D.B.Act.Division D.B.Act.Division 21/04/2014 DBAD/PUB 750.00 363.73926 GHO EN-93289 1 750.00 English Books

© Delhi Public Library
Hit Counter
free hit counter